000 00856nam a2200229 a 4500
001 000220404
003 AM-YeHGA
005 20250618071522.0
008 030422s1963 ai |||||r|||||||||1|arm|d
040 _aAM-YeHGA
041 1 _aarm
100 1 _aՍմեդլի, Ագնես
245 1 0 _aԵրկրի դուստրը :
_b[Վեպ] /
_cԱ. Սմեդլի ; Թարգմ.` Ս. Անանյան ; Խմբ.` Օ. Սանահյան.
250 _aԵրկրորդ հրատ.
260 _aԵրևան :
_bՀայպետհրատ,
_c1963.
300 _a329 էջ ;
_c20 սմ.
650 1 4 _aԱմերիկյան գրականություն
_xՎեպ
700 1 _aԱնանյան, Սարգիս Սողոմոնի,
_d1885-1935
_eթարգմ.
_4trl
_93095
700 1 _aՍանահյան, Օլգա Հարությունի,
_d1920-2013
_eխմբ.
_4edt
_92345
942 _2udc
_cBK
090 _c78524
999 _c77283
_d77283